00341 a2200109 450000500170000002000180001708200140003510000170004924500490006626000760011530000400019120250619084713.0 a9987-617-14-4 a338.5 KAM aKAMUZORA, F. aMicroeconomics: Model Questions and Answers. aDar Es Salaam,bResearch Information and Publication Department,c2000. aiv, 76p.: ill.;bBibliographyc20cm